Fractals by Image - Statistics

General Stats
  • This quiz has been taken 13 times
  • The average score is 3 of 9
Answer Stats
Picture Answer % Correct
Mandelbrot Set
80%
Sierpinski Triangle
40%
Koch Snowflake
30%
Sierpinski Carpet
30%
Cantor Set
20%
Dragon Curve
20%
Fibonacci Spiral
20%
Fractal Tree
20%
Toothpick sequence
0%
No matching quizzes found
Score Distribution
Percent of People with Each Score
Percentile by Number Answered
Your Score History
You have not taken this quiz